00322 a2200109 4500001001000000005001700010008004100027245004200068100001800110773006700128999001700195ART_1254920260410161907.0260409a 10aThe stability of monetary equilibrium1 aYarrow, G. K.0 tThe Economic Journalg- Vol. 87, NÂș 345 (mar. 1977)wREV12512 c26444d26444